Wordt geladen...

Fiber Optics Illustrated Dictionary

Bibliografische gegevens
Hoofdauteur: Petersen, Julie K.
Formaat: Printed Book
Gepubliceerd in: CRC Press 2003
LEADER 00470nam a2200133 4500
020 |a 084931349X 
082 |a 621.3 
100 |a Petersen, Julie K. 
245 |a Fiber Optics Illustrated Dictionary  |c Julie K. Petersen  |h [Text] 
260 |b CRC Press  |c 2003 
300 |a 1067  
942 |c BK 
999 |c 83324  |d 83324 
952 |0 0  |1 0  |4 0  |6 621_300000000000000  |7 0  |9 75571  |a SOCS  |b SOCS  |d 2015-06-11  |g 30.00  |l 0  |o 621.3  |p SOCS2660  |r 2015-06-11  |w 2015-06-11  |y BK